[Event "Bihac-chT1"]
[Site "Bihac"]
[Date "2014.08.26"]
[Round "6"]
[White "Ribic, Kasmir"]
[Black "Karup, Edin"]
[Result "1/2-1/2"]
[WhiteElo "2286"]
[BlackElo "2167"]
[PlyCount "24"]
[EventDate "2014.08.23"]
[EventType "swiss"]
[EventRounds "9"]
[EventCountry "BIH"]
[SourceTitle "EXT 2015"]
[Source "ChessBase"]
[SourceDate "2014.11.20"]
[SourceVersion "1"]
[SourceVersionDate "2014.11.20"]
[SourceQuality "1"]

1. d4 Nf6 2. g3 d5 3. Bg2 Bf5 4. c4 c6 5. Qb3 Qb6 6. Nf3 Nbd7 7. 0-0 e6 8. c5 Qa6 9. Bf4 b6 10. cxb6 axb6 11. Nc3 Be7 12. Rfc1 0-0 1/2-1/2

[Event "BL2-Nord 1314"]
[Site "Germany"]
[Date "2014.03.16"]
[Round "8.6"]
[White "Rother, Moritz"]
[Black "Ribic, Kasmir"]
[Result "1/2-1/2"]
[WhiteElo "2116"]
[BlackElo "2282"]
[PlyCount "129"]
[EventDate "2013.10.13"]
[EventType "team-tourn"]
[EventRounds "9"]
[EventCountry "GER"]
[SourceTitle "EXT 2015"]
[Source "ChessBase"]
[SourceDate "2014.11.20"]
[SourceVersion "1"]
[SourceVersionDate "2014.11.20"]
[SourceQuality "1"]
[WhiteTeam "Goettingen"]
[BlackTeam "Zehlendorf"]
[WhiteTeamCountry "GER"]
[BlackTeamCountry "GER"]

1. e4 e5 2. Nf3 Nc6 3. Bb5 f5 4. d3 Nf6 5. 0-0 d6 6. exf5 a6 7. Ba4 Bxf5 8. d4 e4 9. d5 exf3 10. dxc6 b5 11. Re1+ Be7 12. Bb3 Bg4 13. Bg5 Kf8 14. Bxf6 gxf6 15. Qd4 h5 16. Nc3 Kg7 17. Nd5 Bf8 18. Re4 Rh6 19. Rxg4+ hxg4 20. Qxg4+ Rg6 21. Qxf3 f5 22. Nf4 Qe7 23. Nxg6 Kxg6 24. Qg3+ Kh6 25. Qh3+ Kg6 26. Qg3+ Kh6 27. Qe3+ Qxe3 28. fxe3 Re8 29. Kf2 Kg6 30. a4 Bh6 31. Re1 Re5 32. axb5 axb5 33. Kf3 f4 34. e4 Rc5 35. Rd1 Rxc6 36. Rd5 Rc5 37. Rxc5 dxc5 38. Bd5 Kf6 39. Kg4 Bf8 40. h4 Ke5 41. h5 Bh6 42. Bc6 b4 43. b3 Kf6 44. Kf3 Ke5 45. Ke2 Kd4 46. Bd5 Bg5 47. Kf3 Ke5 48. Kg4 Bh6 49. Kf3 Bg5 50. Bf7 Bh6 51. Bg6 Kd4 52. Ke2 Bf8 53. Bf5 Bh6 54. Kf3 Ke5 55. g4 fxg3 56. Kxg3 Bc1 57. Kf3 Kd4 58. Bg6 Bh6 59. Ke2 Bf8 60. Bf5 Bh6 61. Bg6 Bf8 62. Bf5 Bh6 63. Bg6 Bf8 64. Bf5 Bh6 65. Bg6 1/2-1/2

[Event "BL2-Nord 1213"]
[Site "Germany"]
[Date "2013.04.14"]
[Round "9.3"]
[White "Glienke, Manfred"]
[Black "Ribic, Kasmir"]
[Result "1/2-1/2"]
[WhiteElo "2293"]
[BlackElo "2307"]
[PlyCount "48"]
[EventDate "2012.10.14"]
[EventType "team-tourn"]
[EventRounds "9"]
[EventCountry "GER"]
[SourceTitle "CBM 154 Extra"]
[Source "ChessBase"]
[SourceDate "2013.06.25"]
[SourceVersion "2"]
[SourceVersionDate "2013.06.25"]
[SourceQuality "1"]
[WhiteTeam "Berlin Kreuzberg"]
[BlackTeam "Berlin Zehlendorf"]
[WhiteTeamCountry "GER"]
[BlackTeamCountry "GER"]

1. e4 e6 2. b3 d5 3. Bb2 dxe4 4. Nc3 Nf6 5. Qe2 Nc6 6. Nxe4 Nxe4 7. Qxe4 Qd5 8. Qxd5 exd5 9. 0-0-0 f6 10. Re1+ Kf7 11. g3 Bc5 12. Bg2 Rd8 13. f4 Ne7 14. Nf3 c6 15. Re2 Bd7 16. Rf1 Re8 17. d4 Bb4 18. c3 Ba5 19. Kd2 Nf5 20. Rfe1 Rxe2+ 21. Rxe2 Nd6 22. Ne1 Bg4 23. Bf3 Bf5 24. a4 Be4 1/2-1/2

[Event "BL2-Nord 1213"]
[Site "Germany"]
[Date "2012.11.25"]
[Round "3.5"]
[White "Ribic, Kasmir"]
[Black "Cherny, Andrey"]
[Result "1-0"]
[WhiteElo "2307"]
[BlackElo "2234"]
[PlyCount "88"]
[EventDate "2012.10.14"]
[EventType "team-tourn"]
[EventRounds "9"]
[EventCountry "GER"]
[SourceTitle "CBM 154 Extra"]
[Source "ChessBase"]
[SourceDate "2013.06.25"]
[SourceVersion "2"]
[SourceVersionDate "2013.06.25"]
[SourceQuality "1"]
[WhiteTeam "Berlin Zehlendorf"]
[BlackTeam "Kassel"]
[WhiteTeamCountry "GER"]
[BlackTeamCountry "GER"]

1. d4 g6 2. e4 Bg7 3. Nc3 d6 4. Nf3 c6 5. Be3 Nf6 6. h3 b5 7. Bd3 Nfd7 8. Qd2 h6 9. Ne2 Nb6 10. b3 N8d7 11. 0-0 a5 12. Rad1 Qc7 13. Nh2 b4 14. Rc1 Qa7 15. Kh1 Ba6 16. f4 c5 17. dxc5 dxc5 18. e5 Bxd3 19. Qxd3 Qa6 20. c4 0-0-0 21. Qc2 Qb7 22. a3 Kc7 23. axb4 axb4 24. Nf3 Qc6 25. Ng3 Kb7 26. Rfe1 e6 27. Ne4 Bf8 28. Red1 Nc8 29. Ra1 Be7 30. Ra5 Kc7 31. Rda1 Rdg8 32. Qd3 g5 33. Ra6 Ncb6 34. Ra7+ Kb8 35. R1a6 Rd8 36. Qb1 gxf4 37. Bxf4 Rc8 38. Ra5 Rc7 39. R7a6 Kb7 40. Nfd2 h5 41. Nd6+ Bxd6 42. exd6 Rcc8 43. Qa1 Rce8 44. Ra7+ Kc8 1-0

[Event "BL2-Nord 1112"]
[Site "Germany"]
[Date "2011.12.11"]
[Round "4.4"]
[White "Michna, Marta"]
[Black "Ribic, Kasmir"]
[Result "1-0"]
[WhiteElo "2396"]
[BlackElo "2302"]
[PlyCount "57"]
[EventDate "2011.10.02"]
[EventType "team-tourn"]
[EventRounds "9"]
[EventCountry "GER"]
[SourceTitle "EXT 2015"]
[Source "ChessBase"]
[SourceDate "2014.11.20"]
[SourceVersion "1"]
[SourceVersionDate "2014.11.20"]
[SourceQuality "1"]
[WhiteTeam "Norderstedt"]
[BlackTeam "Zehlendorf"]
[WhiteTeamCountry "GER"]
[BlackTeamCountry "GER"]

1. Nf3 d5 2. g3 Nf6 3. Bg2 c6 4. 0-0 Bg4 5. d3 Nbd7 6. c4 dxc4 7. dxc4 Bxf3 8. Bxf3 Ne5 9. Nd2 Nxf3+ 10. Nxf3 Qxd1 11. Rxd1 Nd7 12. Be3 e5 13. Rac1 f6 14. Rc2 Nc5 15. Rcd2 Ne6 16. Rd7 Rd8 17. Rxd8+ Nxd8 18. Bxa7 c5 19. Rd5 Ne6 20. Nd2 Nc7 21. Rd3 b5 22. Bb6 bxc4 23. Nxc4 Ne6 24. a4 Be7 25. a5 Bd8 26. Nd6+ Kf8 27. Bxd8 Nxd8 28. Ne4 Nc6 29. Rd6 1-0

[Event "BL2-Nord 1112"]
[Site "Germany"]
[Date "2011.10.02"]
[Round "1.4"]
[White "Ribic, Kasmir"]
[Black "Horn, Sven"]
[Result "1/2-1/2"]
[WhiteElo "2302"]
[BlackElo "2129"]
[PlyCount "26"]
[EventDate "2011.10.02"]
[EventType "team-tourn"]
[EventRounds "9"]
[EventCountry "GER"]
[SourceTitle "EXT 2015"]
[Source "ChessBase"]
[SourceDate "2014.11.20"]
[SourceVersion "1"]
[SourceVersionDate "2014.11.20"]
[SourceQuality "1"]
[WhiteTeam "Zehlendorf"]
[BlackTeam "Oberschoeneweide"]
[WhiteTeamCountry "GER"]
[BlackTeamCountry "GER"]

1. d4 Nf6 2. c4 e6 3. Nc3 Bb4 4. g3 c5 5. Nf3 cxd4 6. Nxd4 Ne4 7. Qd3 Bxc3+ 8. bxc3 Nc5 9. Qf3 Nc6 10. Bg2 0-0 11. Nxc6 bxc6 12. Ba3 Qe7 13. Qe3 Nd3+ 1/2-1/2

[Event "BIH CFFBH-chT2"]
[Site "Cazin"]
[Date "2009.06.27"]
[Round "1"]
[White "Ribic, Kasmir"]
[Black "Dautovic, Smail"]
[Result "1-0"]
[WhiteElo "2303"]
[BlackElo "2265"]
[PlyCount "71"]
[EventDate "2009.06.27"]
[EventType "team-tourn"]
[EventRounds "9"]
[EventCountry "BIH"]
[SourceTitle "EXT 2019"]
[Source "ChessBase"]
[SourceDate "2018.10.10"]
[SourceVersion "1"]
[SourceVersionDate "2018.10.10"]
[SourceQuality "1"]

1. d4 e6 2. Nf3 f5 3. g3 c6 4. Bg2 d5 5. 0-0 Nf6 6. c4 Bd6 7. Bf4 Bxf4 8. gxf4 0-0 9. Nbd2 Nbd7 10. Ne5 Qe7 11. Qc2 Ne4 12. Ndf3 Ndf6 13. e3 Bd7 14. Ne1 Rfc8 15. c5 Nh5 16. f3 Nef6 17. N1d3 Kh8 18. Qf2 Ne8 19. Kh1 Rc7 20. Rg1 Bc8 21. Bf1 b6 22. Rc1 Bb7 23. Be2 Nef6 24. Rg5 Qe8 25. Qe1 Ba6 26. Nb4 Bxe2 27. Qxe2 b5 28. Na6 Re7 29. a4 Rb7 30. axb5 cxb5 31. c6 Re7 32. Qxb5 Qc8 33. Qb4 Qe8 34. Qa5 g6 35. b4 Rg7 36. Nc7 1-0

[Event "Oberliga Nord O 0708"]
[Site "Germany"]
[Date "2007.11.04"]
[Round "2.1"]
[White "Rohde, Wolfgang"]
[Black "Ribic, Kasmir"]
[Result "0-1"]
[WhiteElo "2226"]
[BlackElo "2289"]
[PlyCount "76"]
[EventDate "2007.10.21"]
[EventType "team-tourn"]
[EventRounds "9"]
[EventCountry "GER"]
[SourceTitle "EXT 2009"]
[Source "ChessBase"]
[SourceDate "2008.11.26"]
[SourceVersion "1"]
[SourceVersionDate "2008.11.26"]
[SourceQuality "1"]
[WhiteTeam "Friesen Lichtenberg"]
[BlackTeam "Zehlendorf II"]
[WhiteTeamCountry "GER"]
[BlackTeamCountry "GER"]

1. c4 e5 2. Nc3 Bb4 3. Nd5 Ba5 4. b4 c6 5. bxa5 cxd5 6. cxd5 Qxa5 7. e4 Nf6 8. f3 0-0 9. Bb2 d6 10. Bc4 Na6 11. Bc3 Qc7 12. Bxa6 bxa6 13. Qa4 Rb8 14. g4 h5 15. g5 Ne8 16. Rc1 Qe7 17. h4 f6 18. Nh3 f5 19. Nf2 fxe4 20. Qxe4 Bf5 21. Qe3 Qb7 22. 0-0 Nc7 23. d4 Nxd5 24. Qd2 Nf4 25. Qe3 Rbe8 26. dxe5 dxe5 27. Bxe5 Ng6 28. f4 Nxh4 29. Qb3+ Qxb3 30. axb3 Nf3+ 31. Kg2 Nxe5 32. fxe5 Rxe5 33. Rfe1 Rb5 34. Rc3 Bc8 35. g6 Rg5+ 36. Rg3 Bb7+ 37. Ne4 Re5 38. Rge3 Rf4 0-1

[Event "BIH CFFBH-chT2"]
[Site "Neum"]
[Date "2007.08.28"]
[Round "6"]
[White "Ribic, Kasmir"]
[Black "Bratic, Ismar"]
[Result "1/2-1/2"]
[WhiteElo "2289"]
[BlackElo "2186"]
[PlyCount "138"]
[EventDate "2007.08.25"]
[EventType "team-tourn"]
[EventRounds "9"]
[EventCountry "BIH"]
[SourceTitle "EXT 2023"]
[Source "ChessBase"]
[SourceDate "2022.10.05"]
[SourceVersion "1"]
[SourceVersionDate "2022.10.05"]
[SourceQuality "1"]

1. d4 d5 2. Nf3 Nf6 3. c4 c6 4. Qc2 e6 5. g3 dxc4 6. Qxc4 Qd5 7. Qc2 Qf5 8. Qxf5 exf5 9. Bg2 Na6 10. Nc3 Nb4 11. 0-0 Bd6 12. Bf4 Bxf4 13. gxf4 0-0 14. a3 Nbd5 15. Nxd5 Nxd5 16. e3 Nb6 17. Rfc1 Be6 18. Ne5 a5 19. Nd3 Ra7 20. Nc5 Bd5 21. b4 axb4 22. axb4 Rfa8 23. Rab1 Bxg2 24. Kxg2 Nd5 25. b5 b6 26. Nd3 cxb5 27. Rxb5 Ra5 28. Rbb1 Ra2 29. Nb4 Nxb4 30. Rxb4 Rd2 31. Ra4 Rf8 32. Ra7 g6 33. Rcc7 h6 34. h4 h5 35. Rc6 Rb2 36. Rb7 b5 37. Rcb6 Ra8 38. Rxb5 Rxb5 39. Rxb5 Ra1 40. Rb8+ Kg7 41. Re8 f6 42. Re7+ Kf8 43. Rb7 Rc1 44. Rd7 Ra1 45. d5 Rb1 46. Kf3 Rb2 47. Kg3 Rc2 48. Kg2 Rc1 49. f3 Rc2+ 50. Kf1 Ra2 51. Ke1 Rb2 52. Kd1 Ra2 53. d6 Rb2 54. Kc1 Rh2 55. Rg7 Ke8 56. Rxg6 Re2 57. Rxf6 Rxe3 58. Rxf5 Rxf3 59. Rxh5 Kd7 60. Rd5 Rxf4 61. h5 Rf2 62. Kd1 Rh2 63. Ke1 Ra2 64. Kf1 Rb2 65. Kg1 Ra2 66. h6 Ra8 67. Kg2 Rh8 68. Rh5 Kxd6 69. Kg3 Ke6 1/2-1/2